| 000 | 02453nam1a22004691 4500 | ||
|---|---|---|---|
| 001 | RU\NLR\A1\1196 | ||
| 005 | 20260407103847.0 | ||
| 035 | _a(NLR Aleph) 009671350 | ||
| 090 |
_a9662758 _c9662758 |
||
| 100 | _a19960825d1799 m y0rusy50 ca | ||
| 101 | 1 |
_arus _cger |
|
| 102 | _aRU | ||
| 140 | _ay y ebyaa0000 | ||
| 200 | 1 |
_aАвелева смерть, _eПоэма в пяти песнях, _fТворения г. Геснера _g[Перевел Л.А.Цветаев] |
|
| 205 | _aНовое исправленное издание | ||
| 210 |
_aМосква _cИжд. К... [Кольчугина] _cв Университетской типографии, у Ридигера и Клаудия _d1799 |
||
| 215 | _d12° | ||
| 303 | _aПомимо наборного имеется также гравированный тит. л.: "Авелева смерть поэма г. Геснера" | ||
| 316 |
_aЭкз. КирОУНБ деф.: отсутствуют фронт. и 3 л. ил. в ч.1 и с.337-338 и 2 л. ил. в ч.2 _5КирОУНБ |
||
| 321 | 1 | _aСК XVIII 1413 | |
| 327 | 0 | _aНа последней странице книгопродавческая роспись Кольчугина | |
| 463 | 0 |
_1001RU\NLR\A1\1197 _99662762 _p[4], 186 с., фронт. (портр.), 3 л. ил. _tЧ.1 |
|
| 463 | 0 |
_1001RU\NLR\A1\1198 _99662766 _p[2], 187-337, [1] с., 2 л. ил. _tЧ.2 |
|
| 620 | _dМосква | ||
| 700 | 1 |
_7ca _8rus _aГеснер _bС. _f1730-1788 _gСаломон _9194409 _3RU\NLR\AUTH\770194460 |
|
| 702 | 1 |
_4730 _8rus _7ca _aЦветаев _bЛ. А. _f1777-1835 _gЛев Алексеевич _3RU\NLR\AUTH\77123001 _9105926 |
|
| 702 | 1 |
_6z02790 _aКольчугин _bН.Н. _f1753-1827 _gНикита Никифорович _4400 |
|
| 702 | 1 |
_4610 _7ca _8rus _aРидигер _bХ. _gХристиан _9232514 _3RU\NLR\AUTH\770232570 |
|
| 702 | 1 |
_4610 _7ca _8rus _aКлаудий _bХ.А. _f-1805 _gХристофор Александрович _9232381 _3RU\NLR\AUTH\770232437 |
|
| 712 | 0 | 2 |
_4610 _aМосковский университет _bТипография _3RU\NLR\AUTH\889932963 _9361140 |
| 790 | 0 |
_6z02702 _aК... |
|
| 801 | 0 |
_aRU _bNLR _c19960825 |
|
| 852 |
_aNLR _j18.133.6.5 _yЭкз. деф. |
||
| 899 | _aРГБ | ||
| 899 | _aБАН | ||
| 899 | _aГПИБ | ||
| 899 |
_aКирОУНБ _yЭкз. деф. |
||
| 899 | _aНБ РАХ | ||
| 942 | _cBOOK | ||
| 980 | _aNB | ||
| 980 | _aA1XVIIIv | ||